Bundesliga: 50+ Assists (2000-) - Statistics

General Stats
  • This quiz has been taken 18 times
  • The average score is 16 of 22
Answer Stats
Ranking Player Positions Nationality Matches Goals (assists) Periods Clubs % Correct
3 Franck Ribéry MF, FW 273 85 (94) 2007-2019
100%
2 Marco Reus MF, FW 391 156 (95) 2009-2024
100%
1 Thomas Müller MF, FW 503 150 (174) 2008-2025
100%
21 Arjen Robben MF, FW 201 99 (51) 2009-2019
86%
11 Bastian Schweinsteiger DF, MF 342 45 (58) 2002-2015
86%
13 Claudio Pizarro FW 465 187 (57) 2000-2006, 2008-2020
86%
16 Robert Lewandowski FW 384 312 (56) 2010-2022
86%
18 Andrej Kramarić MF, FW 286 126 (54) 2015-2025
79%
12 Filip Kostić DF, FW 249 35 (58) 2014-2023
79%
6 Joshua Kimmich DF, MF 295 29 (71) 2015-2025
79%
4 Julian Brandt MF, FW 354 70 (74) 2013-2025
71%
17 Mario Götze MF, FW 317 66 (55) 2009-2019, 2022-2025
71%
20 Miroslav Klose FW 304 120 (53) 2000-2011
71%
8 Vincenzo Grifo MF, FW 273 66 (64) 2012-2013, 2016-2025
71%
15 Lars Stindl MF, FW 376 85 (56) 2007-2008, 2010-2023
64%
22 Stefan Kießling MF, FW 403 144 (51) 2002-2003, 2004-2018
64%
5 Zé Roberto DF, MF 277 27 (73) 2000-2005, 2007-2011
64%
9 Gonzalo Castro DF, MF 420 38 (63) 2004-2018, 2020-2022
57%
19 Jonas Hofmann MF, FW 275 53 (53) 2012-2025
57%
7 Max Kruse MF, FW 307 97 (70) 2007-2008, 2010-2011, 2012-2018, 2020-2023
57%
14 Bernd Schneider DF, MF 231 32 (56) 2000-2009
50%
10 Marcelinho Paraíba MF, FW 205 76 (59) 2001-2008
36%
No matching quizzes found
Score Distribution
Percent of People with Each Score
Percentile by Number Answered
Your Score History
You have not taken this quiz